Представление документа в формате RUSMARC

Поле Инд. ПП Название Значение
Тип записи a
Библиографический уровень a
001 Контрольный номер ea5bfbc2701f4e5b82b047a6799bbe39
005 Дата корректировки 20181124200642.8
100 a Данные общей обработки 20181029 ||| 0rusy0189 ca
101 0_ a Язык текста rus
102 a Страна публикации RU
200 1_ f Первые сведения об ответственности В.Е. Родыгина
a Заглавие Цифровизация налогового контроля НДС: правовые последствия и перспективы
b Общее обозначение материала Текст
210 d Дата издания 2018
461 _0 1 2000
a Финансовое право
463 _0 1 2000
a №9
v С. 29-32
1 2101
d 2018
1 00151210e6a3ff34a45915a67f3ca91b25b
606 a Основная рубрика Финансовое право
610 0_ a Ключевые слова ИНФОРМАЦИОННЫЕ ТЕХНОЛОГИИ
a Ключевые слова НАЛОГОВОЕ АДМИНИСТРИРОВАНИЕ
a Ключевые слова КОНТРОЛЬ НАЛОГОВЫЙ
a Ключевые слова РГУП
a Ключевые слова НАЛОГОВОЕ ПРАВО
700 _1 a Фамилия Родыгина
b Имя В.Е.
801 _0 a Страна RU
b Организация РГУП
c Дата составления 20181029
g Правила каталогизации PSBO
801 _1 a Страна RU
b Организация РГУП
c Дата составления 20181029
g Правила каталогизации PSBO
901 t Тип документа b
w Контрольный № источника 51210e6a3ff34a45915a67f3ca91b25b
905 a Дата ввода 20181029